Responses for Show #9129 - Thursday, June 20, 2024

Drew Basile game 2.

Contestants

[<< previous game]

Jonquil Garrick-Reynolds, a theatrical wardrobe technician from Ottawa, Ontario, Canada

Bob Longstreth, a superior court judge from San Diego, California

Drew Basile, a graduate student from Birmingham, Michigan (whose 1-day cash winnings total $23,482)

[next game >>]

Jeopardy! Round responses

NAMED BY LIT LOVERS
SHORTENED WORDS
LET'S RUN THE NUMBERS
IT WAS ALL ORANGE
STEVIE WONDER
SIR DUKE
    $200 16
[ERRATUM: The species with [*]'s name in the genus is an ankylosaurid, rather than a species in the genus Ankylosaurus.]

Crichton

Drew
    $200 17
carbs

Drew
    $200 18
88

Drew
    $200 22
carrots

Jonquil
    $200 29
Duke Ellington

Bob
    $200 30
Luxembourg

Drew
    $400 1
Bradbury

Drew
    $400 15
(Drew: What is the red?)
...
(Ken: Yes, for zinfandel or [**] for cabernet.)

zin (or cab)

DrewBob
    $400 12
150

Drew
    $400 20
Panda Express

Jonquil
    $400 28
Motown

Jonquil
    $400 27
Normandy

Jonquil
    $600 2
(Jonquil: What is the Witches of [*] St--Place?)
(Ken: [*] Place, yes.)
[Originally ruled correct; reversed after clue 4 due to adding additional incorrect information as the show is Wizards of [*] Place]

Waverly

Jonquil
Triple Stumper
    $600 13
homey

Drew
    $600 9
56

Bob
    $600 19
the Golden Gate Bridge

Drew
    $600 23
"We Are The World"

Jonquil
    $600 26
(Bob: Uh, what is Wimbleton?)
[Originally ruled correct; reversed before Double Jeopardy!]

Wimbledon

Bob
Triple Stumper
    $800 4
(Bob: What is a gar?)
(Drew: Who is Cyrano Bergerac?)

Cyrano de Bergerac

DrewBob
Triple Stumper
    $800 3
opp

Drew
    $800 10
(Ken: [*] acres and a mule, right.)

40

Bob
    $800 6
marigolds

Jonquil
    $1,000 7
(Jonquil: Uh, what is "The Tracks Of My Tears"?)

"The Tears Of A Clown"

Jonquil
    $800 25
(Drew: What is, uh, Kahuna?)

the Duke of Edinburgh

Drew
Triple Stumper
    $1000 5
Arrakis

Jonquil
    $1000 14
pecs

Drew
    $1000 11
(Drew: What is 13?)
(Jonquil: Uh, what is 4?)
(Bob: Uh, what is 52?)

14

DrewBobJonquil
Triple Stumper
    $1000 21
(Ken: Yeah, the Tigers.)

Princeton

Drew
    $1000 8
you are the sunshine of my life

Bob
    $1000 24
Menorca

Drew

Scores at the first commercial break (after clue 15):

Drew Bob Jonquil
$1,000 $1,000 -$800

Scores at the end of the Jeopardy! Round:

Drew Bob Jonquil
$3,600 $600 $1,200

Double Jeopardy! Round responses

HIT THE ROAD, JACQUES
MODERN PRODUCTS
BROADWAY'S OPENING NIGHT CASTS
MUSEUMS
BODY PARTS' BETTER KNOWN NAMES
YOU CAN'T SPELL...
    $400 20
the Bastille

Drew
    $400 30
a drone

Bob
    $400 25
(Ken: Right, with less than a minute to go.)

The Odd Couple

Bob
    $400 21
neon

Drew
    $400 11
the skull

Drew
    $400 23
Fundamentalists

Jonquil
    $800 16
(Jonquil: What is Jacques Champlain? Jacques de Champlain? Samuel!)
...
(Ken: Hope you won't be in trouble in Canada, Jonquil.)

Jacques Cartier

Jonquil
Triple Stumper
    $800 27
(Jonquil: What are [*] cases?)
(Ken: Uhhhh)
(Jonquil: [*]?)
(Ken: Protects them both, I guess.)

phones

Jonquil
    $800 24
Hair

Bob
    $800 15
whaling

Drew
    $800 10
(Drew: Uh, [*]? What is [*]?)

the windpipe

Drew
    $800 22
a restriction (restrictive)

Bob
    $1,200 17
(Drew: Yeah, um, $12.)
(Ken: For $1,200.)
...
(Drew: It's my master's--what is [*]?)

Algeria

Drew
    $1200 28
an electric bike

Jonquil
    $1200 2
(Jonquil: Who is, uh, Kristin Chenoweth and, uh... ugh?)
...
(Ken: It was [*]; [**] playing Elphaba.)

Kristin Chenoweth & Idina Menzel

Jonquil
Triple Stumper
    $1200 1
Nicki Minaj

Jonquil
    $1200 4
the Adam's apple

Jonquil
    $1200 6
sentiment (sentimental)

Jonquil
    $1600 18
Marianas Trench

Bob
    $1600 29
an induction plate

Jonquil
    $1600 8
Ragtime

Jonquil
    $3,000 13
(Ken: They knew each other in Mexico City.)

Trotsky

Drew
    $1600 3
the tailbone

Drew
    $1600 12
clamored

Drew
    $2000 19
(Drew: Who is Gluck?)

(Jacques) Offenbach

DrewBob
    $2000 26
NFTs (non-fungible tokens)

Drew
    $2000 9
M. Butterfly

Bob
    $2000 14
the Pergamon Museum

Triple Stumper
    $2000 5
(Drew: Um, [*]? What is [*]?)
(Ken: You corrected it in time, don't forget your phrasing.)
(Drew: Sorry about that.)

the big toe

Drew
    $2000 7
insomnia

Jonquil

Scores at the end of the Double Jeopardy! Round:

Drew Bob Jonquil
$15,800 $8,600 $10,400

[wagering suggestions for these scores]

Final Jeopardy! Round responses

AUTHORS' WIVES
(Ken: Bob, you were so close, it's Molly Bloom, the character based on [*].)
BobWho is Molly Joyce
$2,202
JonquilWho is Anais Miller?
$9,200
DrewWho is Zelda Fitzgerald
$6,000
Nora Joyce

Final scores:

Drew Bob Jonquil
$9,800 $6,398 $1,200
2-day champion: $33,282 2nd place: $3,000 3rd place: $2,000

Game dynamics:

Coryat scores:

Drew Bob Jonquil
$14,400 $8,600 $11,400
23 R
(including 2 DDs),
5 W
12 R,
3 W
16 R,
5 W
(including 1 DD)

Combined Coryat: $34,400

[game clues] [game scores] [suggest correction]

Game tape date: 2024-05-08
The J! Archive is created by fans, for fans. Scraping, republication, monetization, and malicious use prohibited; this site may use cookies and collect identifying information. See terms. The Jeopardy! game show and all elements thereof, including but not limited to copyright and trademark thereto, are the property of Jeopardy Productions, Inc. and are protected under law. This website is not affiliated with, sponsored by, or operated by Jeopardy Productions, Inc. Join the discussion at JBoard.tv.